| 000 | 00565nam a2200181Ia 4500 | ||
|---|---|---|---|
| 008 | 191130s1998##################000#0#eng## | ||
| 020 | _a9781853835247 | ||
| 040 |
_aACL _cACL |
||
| 082 | _a363.735 WIL | ||
| 100 | _aWilliams, Christopher | ||
| 245 |
_aEnvironmental victims : new risks, new injustice _cChristopher Williams |
||
| 260 |
_aLondon _bEarthscan Publications _c1998 |
||
| 300 | _axx, 188 p | ||
| 650 | _aEnvironmental Illness. Chemical Industry. Social Justice | ||
| 990 | _a828560d3ac10000c488248b72973d524 | ||
| 991 | _a323634 | ||
| 999 |
_c175615 _d175615 |
||